| 000 | 00907nam a22002057a 4500 | ||
|---|---|---|---|
| 999 |
_c176837 _d176837 |
||
| 005 | 20210128115130.0 | ||
| 010 | _aB-736664 | ||
| 020 |
_a9789353091910 _c50.00 |
||
| 035 | _aB-736664 | ||
| 037 | _bडी.बी.ए.डी./ उपहार | ||
| 082 | _aक | ||
| 100 | _aमेनन,भावना | ||
| 245 |
_aजंगल का रोमांच / _cभावना मेनन |
||
| 260 |
_aनई दिल्ली _bप्रथम बुक्स _c2018 |
||
| 270 |
_aबी-3/4, प्रथम तल, सफदरज़ंग एन्क्लेव _bनई दिल्ली _e110 029 _k011-65684113 |
||
| 300 |
_a20पृ _c24सेमी (सजिल्द) _bसचित्र |
||
| 700 | _915970 | ||
| 942 |
_2ddc _cCH _hक _mमेनन |
||